[Event "SS Manhem Elo Tournament 2016"]
[Site "Idrottsvägen 2, Mölnlycke, Sweden"]
[Date "2016.08.13"]
[Round "1"]
[White "Degerfelt,Sven"]
[Black "Al-Hadarani, Hatim"]
[Result "0-1"]
[WhiteElo "1952"]
[BlackElo "2257"]

1.d4 d5 2.Nf3 c6 3.Bf4 Qb6 4.b3 Bf5 5.e3 e6 6.c3 Nf6 7.a4 a5 8.Nbd2 Be7 9.h3 h6 10.Be2 c5 11.Bxb8 Rxb8 12.Bb5+ Kf8 13.Ne5 Bd6 14.Ndf3 Ke7 15.Qc1 Rbc8 16.O-O Rhd8 17.Qb2 Kf8 18.Rac1 Kg8 19.Rfd1 Rc7 20.c4 Rdc8 21.Qe2 Qa7 22.g4 Be4 23.g5 Bxf3 24.Nxf3 hxg5 25.Nxg5 g6 26.Qf3 Kg7 27.Kg2 Rh8 28.dxc5 Rxc5 29.cxd5 exd5 30.Bd7 d4 31.e4 Rxg5+ 0-1

[Event "SS Manhem Elo Tournament 2016"]
[Site "Idrottsvägen 2, Mölnlycke, Sweden"]
[Date "2016.08.13"]
[Round "1"]
[White "Bengtsson, Jonas"]
[Black "Alfvén, Jörgen"]
[Result "1/2-1/2"]
[WhiteElo "2117"]
[BlackElo "1902"]

1.d4 Nf6 2.c4 e6 3.Nc3 c5 4.d5 exd5 5.cxd5 d6 6.e4 g6 7.Bd3 Bg7 8.h3 O-O 9.Nf3 b5 10.Bxb5 Nxe4 11.Nxe4 Qa5+ 12.Nfd2 Qxb5 13.Nxd6 Qa6 14.N2c4 Nd7 15.O-O Ne5 16.Nxe5 Bxe5 17.Nxc8 Raxc8 18.Re1 Qf6 19.Rb1 Rfd8 20.b3 Bd4 21.Be3 Rxd5 22.Qc2 Rcd8 23.Qe4 Bc3 24.Rf1 Qd6 25.Rbc1 Bd2 26.Bxd2 Rxd2 27.a4 Qb6 28.Qc4 R8d5 29.Rc3 R2d4 30.Qe2 Qd6 31.Qe8+ Kg7 32.Rf3 Rf4 33.Rxf4 Qxf4 34.Re1 Rf5 35.Qe3 Qb4 36.Rd1 h5 37.Rd8 Kh7 38.Qe8 Qc3 39.Qg8+ Kh6 40.Qh8+ Qxh8 41.Rxh8+ Kg7 42.Rc8 Rd5 43.Rc7 Rd1+ 44.Kh2 Rb1 45.Rxc5 Rxb3 46.Rc7 h4 47.Rxa7 Rb2 48.Kg1 Rb1+ 49.Kh2 1/2-1/2

[Event "SS Manhem Elo Tournament 2016"]
[Site "Idrottsvägen 2, Mölnlycke, Sweden"]
[Date "2016.08.13"]
[Round "1"]
[White "Johansson, Eva"]
[Black "Gromark, Per-Olof"]
[Result "1/2-1/2"]
[WhiteElo "1900"]
[BlackElo "2040"]

1.d4 Nf6 2.c4 e6 3.Nf3 d5 4.g3 Bb4+ 5.Bd2 Bd6 6.Bg2 O-O 7.Qc2 c6 8.O-O Nbd7 9.b3 Ne4 10.Nc3 Nxd2 11.Qxd2 f5 12.e3 Rb8 13.a4 a5 14.Ne2 Nf6 15.Nf4 b5 16.Rfc1 bxc4 17.bxc4 Bb4 18.Qc2 Qe7 19.Ne5 Bd7 20.c5 Ng4 21.Nfd3 Nxe5 22.Nxe5 Rfc8 23.Bf1 Be8 24.Be2 g5 25.Kh1 Bg6 26.Rg1 Qe8 27.Bd3 g4 28.Kg2 1/2-1/2

[Event "SS Manhem Elo Tournament 2016"]
[Site "Idrottsvägen 2, Mölnlycke, Sweden"]
[Date "2016.08.13"]
[Round "1"]
[White "Pettersson, Anders"]
[Black "Blazekovic, Nina"]
[Result "1-0"]
[WhiteElo "2034"]
[BlackElo "1898"]

1.d4 Nf6 2.c4 g6 3.Nc3 Bg7 4.e4 d6 5.Nge2 O-O 6.Ng3 e5 7.d5 c6 8.Be2 h5 9.Bg5 Qb6 10.Qd2 Nbd7 11.Rb1 Qd4 12.Qc2 Qb6 13.O-O Qc7 14.Rfd1 Nh7 15.dxc6 Nxg5 16.Nb5 Qd8 17.cxd7 Bxd7 18.Nxd6 h4 19.Nf1 Qf6 20.Ne3 h3 21.g3 Nf3+ 22.Bxf3 Qxf3 23.Rd3 Bc6 24.Qd1 Qf6 25.c5 Rfd8 26.Nd5 Qg5 27.Qf3 Rd7 28.b4 f5 29.b5 Bxd5 30.Rxd5 Rf8 31.Qe2 f4 32.Rb3 Bh6 33.Rd1 Kh7 34.c6 bxc6 35.bxc6 Rc7 36.Rb7 Qe7 37.Qb5 fxg3 38.hxg3 Bg7 39.Qf1 Rxb7 40.Qxh3+ Bh6 41.cxb7 Qc7 42.Nc8 Rf7 43.Rb1 Qc2 44.Qf1 Rxf2 45.Qxf2 Qxb1+ 46.Kg2 Qxb7 47.Qxa7 Qxa7 48.Nxa7 Kg7 49.Kf3 Kf6 50.Ke2 Ke6 51.Kd3 Kd6 52.Kc4 Be3 53.Nb5+ Kc6 54.Nc3 g5 55.g4 Bd4 56.Nd5 Bc5 57.Nb4+ Kd6 58.Kb5 Bd4 59.Nd5 Kd7 60.a4 Kc8 61.Kc6 Kb8 62.Kd6 1-0

[Event "SS Manhem Elo Tournament 2016"]
[Site "Idrottsvägen 2, Mölnlycke, Sweden"]
[Date "2016.08.13"]
[Round "1"]
[White "Wiklund, Robert"]
[Black "Bengtsson, Jessica"]
[Result "0-1"]
[WhiteElo "1810"]
[BlackElo "2010"]

1.e4 c5 2.c3 Nf6 3.e5 Nd5 4.d4 cxd4 5.Bc4 e6 6.cxd4 d6 7.Nf3 Nc6 8.O-O Be7 9.Bxd5 exd5 10.Nc3 Be6 11.exd6 Qxd6 12.Bg5 O-O 13.Bxe7 Qxe7 14.Re1 Qb4 15.Qd2 h6 16.a3 Qd6 17.h3 Na5 18.Nb5 Qb6 19.Qb4 Nc6 20.Qc5 Nxd4 21.Qxd4 Qxb5 22.Ne5 Qb6 23.Qxb6 axb6 24.Nd3 Rac8 25.Rac1 g5 26.Nb4 Rc5 27.Rc2 Rfc8 28.Rec1 Kg7 29.Kf1 Kf6 30.Ke2 d4 31.Kd2 Bb3 32.Rxc5 bxc5 33.Nc2 Ke5 34.Re1+ Kd6 35.Re2 b5 36.g3 d3 0-1

[Event "SS Manhem Elo Tournament 2016"]
[Site "Idrottsvägen 2, Mölnlycke, Sweden"]
[Date "2016.08.13"]
[Round "1"]
[White "Axelsson, Henrik"]
[Black "Freed, Markus"]
[Result "1/2-1/2"]
[WhiteElo "1991"]
[BlackElo "1745"]

1.e4 e5 2.Nf3 Nc6 3.Bb5 Nf6 4.O-O Nxe4 5.d4 Nd6 6.Bxc6 dxc6 7.dxe5 Nf5 8.Qxd8+ Kxd8 9.Nc3 Ke8 10.h3 h5 11.Bg5 Be6 12.Ne4 Be7 13.b3 b6 14.c4 a5 15.Bxe7 Kxe7 16.Neg5 h4 17.Rfe1 a4 18.Nxe6 fxe6 19.b4 a3 20.Rab1 Rhd8 21.Re4 Ra4 22.Kf1 Rh8 23.Ke1 Rh6 24.Kd2 Rg6 25.Ne1 Ra8 26.Rb3 Rh6 27.Nc2 Rd8+ 28.Rd3 Rhh8 29.Nd4 Nxd4 30.Rexd4 Rxd4 31.Rxd4 Rf8 32.f3 c5 33.bxc5 bxc5 34.Rd3 Rb8 35.Rxa3 Rb2+ 36.Ke3 Rxg2 37.Ra5 Rg3 38.Rxc5 Kd7 39.Rb5 Rxh3 40.Rb2 Rg3 41.Rh2 g5 42.Ke4 Kc6 43.a4 Rg1 44.a5 Kc5 45.a6 Re1+ 46.Kd3 Ra1 47.Rg2 Ra3+ 48.Ke4 Kxc4 49.Rxg5 Rxa6 50.Rg4 Kc5 51.f4 Ra4+ 52.Kf3 Ra3+ 53.Kg2 Rg3+ 54.Rxg3 hxg3 55.Kxg3 Kd5 56.Kf3 Kd4 57.f5 Kxe5 58.fxe6 Kxe6 59.Ke4 Kd6 60.Kd4 c6 61.Kc4 c5 62.Kc3 Kd5 63.Kd3 c4+ 64.Kc3 Kc5 65.Kc2 Kb4 66.Kb2 c3+ 67.Kc2 Kc4 68.Kc1 Kb3 69.Kb1 c2+ 70.Kc1 Kc3 1/2-1/2

[Event "SS Manhem Elo Tournament 2016"]
[Site "Idrottsvägen 2, Mölnlycke, Sweden"]
[Date "2016.08.13"]
[Round "1"]
[White "Svensson, Anders"]
[Black "Wickström, Tommy"]
[Result "1/2-1/2"]
[WhiteElo "1745"]
[BlackElo "1983"]

1.e4 e6 2.d4 d5 3.Nd2 dxe4 4.Nxe4 Nd7 5.Nf3 Ngf6 6.Nxf6+ Nxf6 7.c3 c5 8.Ne5 Qb6 9.Qa4+ Bd7 10.Nxd7 Nxd7 11.Bb5 O-O-O 12.Bf4 a6 13.Bxd7+ Rxd7 14.O-O Qc6 15.Qxc6+ bxc6 16.Rfd1 cxd4 17.Rxd4 Rxd4 18.cxd4 Bb4 19.Rc1 Kb7 20.a3 Ba5 21.Bd6 Bb6 22.Bc5 Rd8 23.Kf1 Bxc5 24.dxc5 Rd2 25.b4 Rd3 26.Ra1 Rb3 27.Ke2 Kc7 28.Ra2 h5 29.h4 f6 30.Kd2 Rb1 31.Kc2 Rh1 32.g3 g5 33.hxg5 fxg5 34.Kb3 h4 35.gxh4 gxh4 36.Ka4 h3 37.f4 Rf1 38.Rh2 Rf3 39.Rh1 Kb7 1/2-1/2

[Event "SS Manhem Elo Tournament 2016"]
[Site "Idrottsvägen 2, Mölnlycke, Sweden"]
[Date "2016.08.14"]
[Round "2"]
[White "Bengtsson, Jessica"]
[Black "Pettersson, Anders"]
[Result "0-1"]
[WhiteElo "2010"]
[BlackElo "2034"]

1.e4 e5 2.Nf3 Nc6 3.Bb5 a6 4.Ba4 Nf6 5.d3 b5 6.Bb3 Bc5 7.O-O h6 8.a4 Rb8 9.axb5 axb5 10.c3 d6 11.h3 O-O 12.Be3 Bxe3 13.fxe3 d5 14.exd5 Nxd5 15.Qe2 Kh8 16.Nbd2 f5 17.Kh1 f4 18.e4 Ne3 19.Rf2 g5 20.Nh2 Qe8 21.Ndf1 Nxf1 22.Rfxf1 Qg6 23.Bd1 Bd7 24.Qh5 Qd6 25.Ng4 Kg7 26.Nf2 Ne7 27.Bb3 Be8 28.Qg4 Rb6 29.Rfd1 Ng6 30.d4 f3 31.gxf3 Rf4 32.Qc8 Rxf3 33.dxe5 Qxe5 34.Ra7 Rxf2 35.Rd7+ Kf8 36.Rf7+ Rxf7 37.Bxf7 Qxe4+ 38.Kg1 Qb1+ 39.Kh2 Qxb2+ 40.Kg3 Qxc3+ 0-1

[Event "SS Manhem Elo Tournament 2016"]
[Site "Idrottsvägen 2, Mölnlycke, Sweden"]
[Date "2016.08.14"]
[Round "2"]
[White "Al-Hadarani, Hatim"]
[Black "Fendrich, Peter"]
[Result "0-1"]
[WhiteElo "2257"]
[BlackElo "1715"]

1.d4 Nf6 2.c4 e6 3.a3 a5 4.Bg5 Be7 5.Nc3 O-O 6.e3 d5 7.c5 c6 8.Bxf6 Bxf6 9.f4 Nd7 10.Nf3 b6 11.cxb6 Rb8 12.Na4 Nxb6 13.Nc5 Nd7 14.Na4 Nb6 15.Nc3 c5 16.dxc5 Nc4 17.Bxc4 dxc4 18.Qc2 Qe7 19.O-O Qxc5 20.Rae1 Bb7 21.Kh1 Bxc3 22.Qxc3 Be4 23.Rc1 Qd5 24.Rf2 Bd3 25.Nd2 f6 26.h3 Rfc8 27.Rf3 Qb5 28.e4 Kf7 29.Kh2 Qxb2 30.Kg3 Qxc3 31.Rxc3 h6 32.Kf2 g5 33.g3 Rb2 34.Ke1 Rcb8 35.Re3 gxf4 36.Rf3 Ra2 37.g4 Rbb2 38.Rfxd3 cxd3 39.h4 Kg6 0-1

[Event "SS Manhem Elo Tournament 2016"]
[Site "Idrottsvägen 2, Mölnlycke, Sweden"]
[Date "2016.08.14"]
[Round "2"]
[White "Wickström, Tommy"]
[Black "Johansson, Eva"]
[Result "1-0"]
[WhiteElo "1983"]
[BlackElo "1900"]

1.d4 d5 2.Nf3 Nf6 3.e3 Bf5 4.h3 h6 5.c4 e6 6.Nc3 c6 7.Be2 Be7 8.O-O O-O 9.b3 Nbd7 10.Bb2 Rc8 11.Re1 a6 12.Bd3 Bxd3 13.Qxd3 Bb4 14.a3 Ba5 15.b4 Bc7 16.e4 dxe4 17.Nxe4 Nxe4 18.Rxe4 Nf6 19.Re2 Nh5 20.g3 Qd7 21.Ne5 Bxe5 22.Rxe5 Nf6 23.Rae1 b5 24.c5 Nd5 25.Qe2 a5 26.bxa5 Ra8 27.Qg4 Rxa5 28.Bc1 f5 29.Qh4 Rf6 30.g4 f4 31.R1e4 Qf7 32.g5 hxg5 33.Rxg5 Rh6 34.Qxh6 1-0

[Event "SS Manhem Elo Tournament 2016"]
[Site "Idrottsvägen 2, Mölnlycke, Sweden"]
[Date "2016.08.14"]
[Round "2"]
[White "Freed, Markus"]
[Black "Bengtsson, Jonas"]
[Result "0-1"]
[WhiteElo "1745"]
[BlackElo "2117"]

1.b3 d5 2.Bb2 Bg4 3.f3 Bf5 4.e4 dxe4 5.Nc3 Nf6 6.Qe2 exf3 7.Nxf3 Nc6 8.O-O-O e6 9.h3 Qd7 10.g4 Bg6 11.Bg2 O-O-O 12.d4 Nd5 13.Ne4 Nf4 0-1

[Event "SS Manhem Elo Tournament 2016"]
[Site "Idrottsvägen 2, Mölnlycke, Sweden"]
[Date "2016.08.14"]
[Round "2"]
[White "Blazekovic, Nina"]
[Black "Degerfelt,Sven"]
[Result "1-0"]
[WhiteElo "1898"]
[BlackElo "1952"]

1.e4 c5 2.Nf3 d6 3.d4 cxd4 4.Nxd4 Nf6 5.Nc3 a6 6.Bc4 e6 7.Bb3 Qc7 8.g4 h6 9.Rg1 Nc6 10.Be3 Bd7 11.Qe2 Be7 12.O-O-O Na5 13.f4 Nxb3+ 14.Nxb3 Bc6 15.Qd3 d5 16.e5 Nd7 17.Qe2 b5 18.Qf2 b4 19.Ne2 Bb7 20.Ned4 g6 21.Rge1 Nc5 22.Nxc5 Bxc5 23.f5 Bxd4 24.Rxd4 Bc8 25.fxg6 fxg6 26.Qf6 Rg8 27.Rf1 a5 28.Qf2 Ba6 29.Re1 Qg7 30.Rf4 Rc8 31.Bc5 Rc7 32.Rf6 1-0

[Event "SS Manhem Elo Tournament 2016"]
[Site "Idrottsvägen 2, Mölnlycke, Sweden"]
[Date "2016.08.14"]
[Round "2"]
[White "Gromark, Per-Olof"]
[Black "Svensson, Anders"]
[Result "1-0"]
[WhiteElo "2040"]
[BlackElo "1745"]

1.Nf3 Nf6 2.c4 c5 3.g3 g6 4.Bg2 Bg7 5.d4 cxd4 6.Nxd4 O-O 7.O-O d5 8.cxd5 Nxd5 9.e4 Nb6 10.Nb5 Qxd1 11.Rxd1 Nc6 12.N1c3 Bxc3 13.Nxc3 Be6 14.Nd5 Rfd8 15.Bg5 f6 16.Nc7 Rxd1+ 17.Rxd1 Rd8 18.Rxd8+ Nxd8 19.Nxe6 Nxe6 20.Be3 Nc4 21.Bxa7 Nxb2 22.e5 b5 23.exf6 exf6 24.Bc6 b4 25.Bd5 Kf7 26.Bc5 Nd3 27.Bd6 f5 28.Bc4 Nb2 29.Bxe6+ Kxe6 30.Bxb4 Kd5 31.Kf1 Kc4 32.Be7 Nd1 33.Ke1 Nc3 34.a3 Kd3 35.Bf6 Na4 36.Kd1 Nc5 37.Bg5 Ne4 38.Be3 Nc3+ 39.Kc1 Na4 40.h4 Kc3 41.Bd2+ Kd3 42.Kd1 Nb2+ 43.Ke1 Nc4 44.Bb4 Nb2 45.Kf1 Na4 46.Kg2 Ke2 47.Bd6 Nb6 48.Bc5 Na4 49.Bd4 Kd3 50.Ba7 Ke2 51.f3 Nb2 52.Bd4 Na4 53.g4 fxg4 54.fxg4 Kd3 55.Bh8 Ke4 56.Kg3 Ke3 57.h5 Ke4 58.Kh4 Nc5 59.Kg5 Ne6+ 60.Kf6 Nc5 61.h6 Kf4 62.Kg7 Kxg4 63.Kxh7 Kh5 64.Bd4 Ne6 65.Be3 g5 66.a4 Nf8+ 67.Kg8 Nd7 68.h7 Nf6+ 69.Kg7 Ne8+ 70.Kf8 Nc7 71.h8=Q+ 1-0

[Event "SS Manhem Elo Tournament 2016"]
[Site "Idrottsvägen 2, Mölnlycke, Sweden"]
[Date "2016.08.14"]
[Round "3"]
[White "Bengtsson, Jonas"]
[Black "Wickström, Tommy"]
[Result "1/2-1/2"]
[WhiteElo "2117"]
[BlackElo "1983"]

1.d4 f5 2.g3 g6 3.Bg2 Nf6 4.c4 Bg7 5.Nc3 O-O 6.Nf3 d6 7.O-O Nc6 8.d5 Ne5 9.Nxe5 dxe5 10.c5 f4 11.gxf4 Nh5 12.fxe5 Bxe5 13.e3 e6 14.f4 Bg7 15.dxe6 Bxe6 16.Bxb7 Bxc3 17.bxc3 Qh4 18.Bd5 Rae8 19.a4 Rf5 20.Bxe6+ Rxe6 21.Ra2 Qe7 22.Qb3 Kg7 23.c4 Qxc5 24.Bb2+ Kh6 25.Bd4 Qe7 26.Raf2 c5 27.Be5 Rexe5 28.fxe5 Rxe5 29.Rf3 Rg5+ 30.Kh1 Qe4 31.Qb1 Qxc4 32.Qb8 Rg4 33.Qf8+ Kg5 34.Qf7 Qxa4 35.Qxh7 Qe4 36.Qxa7 c4 37.Qc7 Kh6 38.Qc5 Kh7 39.Qc7+ Kh6 1/2-1/2

[Event "SS Manhem Elo Tournament 2016"]
[Site "Idrottsvägen 2, Mölnlycke, Sweden"]
[Date "2016.08.14"]
[Round "3"]
[White "Al-Hadarani, Hatim"]
[Black "Wiklund, Robert"]
[Result "1-0"]
[WhiteElo "2257"]
[BlackElo "1810"]

1.d4 d5 2.Bg5 Nf6 3.Bxf6 exf6 4.e3 c5 5.dxc5 Bxc5 6.c3 O-O 7.Nd2 Be6 8.Nb3 Bd6 9.Bd3 Nc6 10.Qh5 g6 11.Qd1 Ne5 12.Ne2 Rc8 13.Ned4 Bb8 14.Be2 Nc4 15.Rb1 f5 16.g3 g5 17.h4 Nxe3 18.fxe3 Bxg3+ 19.Kd2 f4 20.hxg5 fxe3+ 21.Kc2 Qxg5 22.Bd3 Bg4 23.Bxh7+ Kg7 24.Qd3 Rce8 25.Rbg1 Bf2 26.Nf5+ Kf6 27.Qd4+ Ke6 28.Nc5# 1-0

[Event "SS Manhem Elo Tournament 2016"]
[Site "Idrottsvägen 2, Mölnlycke, Sweden"]
[Date "2016.08.14"]
[Round "3"]
[White "Alfvén, Jörgen"]
[Black "Gromark, Per-Olof"]
[Result "0-1"]
[WhiteElo "1902"]
[BlackElo "2040"]

1.d4 Nf6 2.c4 e6 3.Nf3 d5 4.Nc3 Nbd7 5.a3 Be7 6.e3 O-O 7.Qc2 a6 8.b3 c6 9.Bd3 b5 10.O-O bxc4 11.bxc4 h6 12.e4 dxc4 13.Bxc4 Nb6 14.Ba2 c5 15.e5 Nfd7 16.d5 exd5 17.Nxd5 Bb7 18.Bb1 g6 19.Nxb6 Qxb6 20.Bxh6 Rfe8 21.Bf4 Bxf3 22.gxf3 Bf8 23.Re1 Bg7 24.Qc3 Qe6 25.Be4 Rac8 26.Rad1 Qh3 27.Bd5 Qf5 28.Qb3 Nxe5 29.Bg3 c4 30.Bxc4 Nxf3+ 31.Kf1 Qh3# 0-1

[Event "SS Manhem Elo Tournament 2016"]
[Site "Idrottsvägen 2, Mölnlycke, Sweden"]
[Date "2016.08.14"]
[Round "3"]
[White "Blazekovic, Nina"]
[Black "Bengtsson, Jessica"]
[Result "1/2-1/2"]
[WhiteElo "1898"]
[BlackElo "2010"]

1.e4 c5 2.Nf3 Nc6 3.d4 cxd4 4.Nxd4 Nf6 5.Nc3 e5 6.Ndb5 d6 7.Bg5 a6 8.Na3 b5 9.Nd5 Be7 10.Bxf6 Bxf6 11.c4 b4 12.Nc2 O-O 13.g3 Bg5 14.h4 Bh6 15.Bh3 Be6 16.Kf1 a5 17.Kg2 Ne7 18.Qd3 Nxd5 19.cxd5 Bxh3+ 20.Rxh3 Qd7 21.a3 bxa3 22.Rxa3 Rfb8 23.b4 axb4 24.Nxb4 Rxa3 25.Qxa3 g6 26.Nc6 Rb1 27.Qf3 Bg7 28.h5 g5 29.Rh2 h6 30.Qf5 Qxf5 31.Ne7+ Kh7 32.Nxf5 Bf8 33.Kf3 Re1 34.Ne3 Kg7 35.Kg2 Kf6 36.Ng4+ Ke7 37.f3 Kd7 38.Rh1 Rxh1 39.Kxh1 Kc7 40.Kg2 Kb6 41.Ne3 Kc5 42.Kf2 Kd4 43.Ke2 Kc3 44.Nf5 Kc4 45.Ke3 Kc3 46.f4 f6 47.Kf3 Kd3 48.Ne3 Kd4 49.Nc2+ Kc3 50.Na3 Kd3 51.fxe5 fxe5 52.g4 Be7 1/2-1/2

[Event "SS Manhem Elo Tournament 2016"]
[Site "Idrottsvägen 2, Mölnlycke, Sweden"]
[Date "2016.08.14"]
[Round "3"]
[White "Fendrich, Peter"]
[Black "Pettersson, Anders"]
[Result "0-1"]
[WhiteElo "1715"]
[BlackElo "2034"]

1.c4 Nf6 2.g3 e6 3.Bg2 d5 4.Nf3 Be7 5.O-O O-O 6.b3 c5 7.e3 Nc6 8.Qe2 b6 9.Bb2 Bb7 10.Rd1 Qc7 11.Nc3 Rad8 12.Rac1 a6 13.cxd5 exd5 14.d4 cxd4 15.Nxd4 Nxd4 16.Rxd4 Bc5 17.Na4 Qd6 18.Nxc5 bxc5 19.Rd2 Nd7 20.Qh5 f5 21.Qg5 g6 22.Qf4 Qe6 23.Qc7 Rb8 24.Rxc5 d4 25.Rxd4 Nxc5 26.Rd8 Qf7 27.Qe5 Qf6 28.Qxf6 0-1

[Event "SS Manhem Elo Tournament 2016"]
[Site "Idrottsvägen 2, Mölnlycke, Sweden"]
[Date "2016.08.14"]
[Round "3"]
[White "Degerfelt,Sven"]
[Black "Svensson, Anders"]
[Result "1-0"]
[WhiteElo "1952"]
[BlackElo "1745"]

1.e4 c5 2.Nf3 d6 3.d4 cxd4 4.Nxd4 Nf6 5.Nc3 a6 6.Be2 e5 7.Nb3 Be6 8.Be3 b5 9.a3 Nbd7 10.O-O Qc7 11.f4 Be7 12.fxe5 dxe5 13.Nd5 Bxd5 14.exd5 Bd6 15.c4 bxc4 16.Nd2 Bc5 17.Bxc5 Qxc5+ 18.Kh1 O-O 19.Bxc4 Qd4 20.b3 e4 21.Qe2 a5 22.Rae1 Nc5 23.Rf4 Rae8 24.Bb5 Nxd5 25.Rh4 Re6 26.Nc4 Nc3 27.Qe3 Qxe3 28.Nxe3 Nxb5 29.Nc4 1-0

[Event "SS Manhem Elo Tournament 2016"]
[Site "Idrottsvägen 2, Mölnlycke, Sweden"]
[Date "2016.08.14"]
[Round "3"]
[White "Johansson, Eva"]
[Black "Freed, Markus"]
[Result "0-1"]
[WhiteElo "1900"]
[BlackElo "1745"]

1.d4 d5 2.c4 e6 3.Nf3 Nf6 4.g3 Bb4+ 5.Bd2 Be7 6.Bg2 O-O 7.O-O c6 8.Qc2 b6 9.b3 Ba6 10.Rd1 Nbd7 11.Bf4 Rc8 12.Nbd2 c5 13.dxc5 Bxc5 14.Qb2 Qe7 15.a3 dxc4 16.Nxc4 Bxc4 17.bxc4 h6 18.a4 Ne4 19.Rf1 Rfd8 20.a5 Ndf6 21.h3 bxa5 22.Rxa5 Bb6 23.Ra4 Nxf2 24.Rxf2 Rd1+ 25.Bf1 g5 26.Qc2 Qc5 27.e3 gxf4 28.gxf4 Qxe3 29.Qxd1 Qxf2+ 30.Kh1 Ne4 31.Bg2 Nc3 0-1

[Event "SS Manhem Elo Tournament 2016"]
[Site "Idrottsvägen 2, Mölnlycke, Sweden"]
[Date "2016.08.15"]
[Round "4"]
[White "Wickström, Tommy"]
[Black "Al-Hadarani, Hatim"]
[Result "0-1"]
[WhiteElo "1983"]
[BlackElo "2257"]

1.b3 b5 2.e4 b4 3.a3 Bb7 4.axb4 Bxe4 5.Nc3 Bb7 6.Nf3 e6 7.b5 a6 8.Ba3 Ne7 9.h4 h5 10.Bd3 axb5 11.Nxb5 Nbc6 12.Bd6 Nd5 13.Rxa8 Bxa8 14.Bxf8 Kxf8 15.Ng5 Ne5 16.Be4 f6 17.Qa1 Bc6 18.c4 Nf4 19.d4 fxg5 20.Bxc6 dxc6 21.dxe5 Qd3 22.Nd4 Nxg2# 0-1

[Event "SS Manhem Elo Tournament 2016"]
[Site "Idrottsvägen 2, Mölnlycke, Sweden"]
[Date "2016.08.15"]
[Round "4"]
[White "Pettersson, Anders"]
[Black "Bengtsson, Jonas"]
[Result "1-0"]
[WhiteElo "2034"]
[BlackElo "2117"]

1.d4 Nf6 2.c4 e6 3.Bg5 h6 4.Bxf6 Qxf6 5.e3 d6 6.Bd3 e5 7.Ne2 g6 8.Nbc3 Bg7 9.Qc2 c6 10.O-O Qe7 11.f4 e4 12.Bxe4 f5 13.Bd3 Qxe3+ 14.Kh1 Qe7 15.Rae1 O-O 16.d5 Qd8 17.c5 dxc5 18.Bc4 Kh7 19.Rd1 Qf6 20.a4 a5 21.Nc1 Nd7 22.dxc6 bxc6 23.Qf2 Re8 24.Rd2 Rb8 25.Rfd1 Qe7 26.Qf3 Rb4 27.Be2 Nf6 28.Nd3 Rd4 29.Ne5 Ne4 30.Nxe4 fxe4 31.Qb3 Bxe5 32.fxe5 Be6 33.Qb6 Rxd2 34.Rxd2 Bd5 35.Qxa5 Qxe5 36.Rc2 Rf8 37.Qxc5 Rf5 38.Qa7+ Rf7 39.Qe3 Qf5 40.Kg1 Bb3 41.Rxc6 Qa5 42.Bc4 Qxa4 43.Bxf7 Qxc6 44.Bxb3 1-0

[Event "SS Manhem Elo Tournament 2016"]
[Site "Idrottsvägen 2, Mölnlycke, Sweden"]
[Date "2016.08.15"]
[Round "4"]
[White "Bengtsson, Jessica"]
[Black "Alfvén, Jörgen"]
[Result "1-0"]
[WhiteElo "2010"]
[BlackElo "1902"]

1.e4 c5 2.c3 Nf6 3.e5 Nd5 4.d4 cxd4 5.Nf3 e6 6.cxd4 d6 7.Bc4 Nc6 8.O-O Be7 9.Qe2 O-O 10.Nc3 Nxc3 11.bxc3 dxe5 12.dxe5 Qc7 13.Qe4 b6 14.Bd3 g6 15.Bh6 Rd8 16.Rfd1 Bb7 17.Qf4 Rd5 18.Be4 Rxd1+ 19.Rxd1 Rd8 20.Rxd8+ Nxd8 21.Bxb7 Nxb7 22.Ng5 f5 23.Qa4 Qd8 24.Nxe6 Qc8 25.g3 Na5 26.Nf4 Qd8 27.Nd5 Kf7 28.Qd4 Nc6 29.e6+ Kxe6 30.Nf4+ Kf7 31.Qc4+ 1-0

[Event "SS Manhem Elo Tournament 2016"]
[Site "Idrottsvägen 2, Mölnlycke, Sweden"]
[Date "2016.08.15"]
[Round "4"]
[White "Degerfelt,Sven"]
[Black "Wiklund, Robert"]
[Result "1/2-1/2"]
[WhiteElo "1952"]
[BlackElo "1810"]

1.d4 d5 2.Nf3 c5 3.c3 e6 4.Bf4 Bd6 5.Bxd6 Qxd6 6.e3 Nd7 7.Nbd2 Ngf6 8.Bd3 O-O 9.O-O e5 10.dxe5 Nxe5 11.Nxe5 Qxe5 12.Qf3 Bg4 13.Qg3 Rfe8 14.Qxe5 Rxe5 15.h3 Bh5 16.g4 Bg6 17.Bxg6 hxg6 18.Nf3 Re6 19.Rfd1 Rd8 20.Rac1 Red6 21.Rd3 Ne4 22.Rcd1 f6 23.Nd2 Nxd2 24.R1xd2 Kf7 25.Kg2 Ke6 26.f4 b5 27.Kf3 a5 28.a3 R8d7 29.b4 axb4 30.axb4 cxb4 31.cxb4 Rc6 32.Ra2 Rc4 33.Rd4 f5 34.Ra5 Rdc7 35.gxf5+ gxf5 36.Rxb5 Rxd4 37.Rb6+ Ke7 38.exd4 Rc3+ 39.Kg2 Rc4 40.b5 Rxd4 41.Rb8 Rxf4 42.b6 Rb4 43.b7 Kf7 44.Kf3 Kg6 45.h4 Kh7 46.h5 d4 47.Ke2 f4 48.Kf3 d3 49.Rd8 Rxb7 50.Kxf4 Rb3 51.Ke3 Kh6 52.Rh8+ Kg5 53.Rh7 Kf6 54.Kd2 Rb6 55.Kxd3 1/2-1/2

[Event "SS Manhem Elo Tournament 2016"]
[Site "Idrottsvägen 2, Mölnlycke, Sweden"]
[Date "2016.08.15"]
[Round "4"]
[White "Gromark, Per-Olof"]
[Black "Fendrich, Peter"]
[Result "1-0"]
[WhiteElo "2040"]
[BlackElo "1715"]

1.Nf3 Nf6 2.c4 b6 3.g3 Bb7 4.Bg2 e6 5.O-O Be7 6.Nc3 O-O 7.Re1 d5 8.Ne5 c5 9.d3 Nbd7 10.Bf4 Nxe5 11.Bxe5 Nd7 12.Bf4 Bf6 13.cxd5 Bxc3 14.bxc3 exd5 15.c4 Nf6 16.Bg5 Rb8 17.Bxf6 gxf6 18.e4 dxc4 19.Qg4+ Kh8 20.dxc4 Bc8 21.Qf4 Be6 22.Rad1 Qe7 23.e5 fxe5 24.Qxe5+ Kg8 25.Bd5 a6 26.f4 Rfe8 27.Bc6 Red8 28.f5 Rxd1 29.Rxd1 Rd8 30.Re1 Qd6 31.Qxd6 Rxd6 32.fxe6 Rxc6 33.e7 1-0

[Event "SS Manhem Elo Tournament 2016"]
[Site "Idrottsvägen 2, Mölnlycke, Sweden"]
[Date "2016.08.15"]
[Round "4"]
[White "Svensson, Anders"]
[Black "Johansson, Eva"]
[Result "0-1"]
[WhiteElo "1745"]
[BlackElo "1900"]

1.e4 d6 2.d4 Nf6 3.Nc3 g6 4.f4 Bg7 5.Nf3 c5 6.dxc5 Qa5 7.Qd3 Qxc5 8.Be2 O-O 9.Be3 Qa5 10.O-O Nc6 11.h3 a6 12.a4 Nd7 13.Bd2 Qd8 14.Be3 Nc5 15.Qd2 b6 16.Nd4 Bb7 17.Bf3 Rc8 18.Rad1 Nb4 19.Qf2 Qe8 20.b3 e5 21.fxe5 dxe5 22.Nde2 Nxc2 23.Bxc5 bxc5 24.Nd5 Nd4 25.Nxd4 cxd4 26.Nb6 Rc3 27.Rb1 Qe7 28.Nd5 Bxd5 29.exd5 e4 30.Bd1 e3 31.Qa2 d3 32.Rb2 Rc1 33.b4 Bxb2 34.Qxb2 Rxd1 35.Rxd1 e2 36.Re1 Qe3+ 37.Kh2 d2 0-1

[Event "SS Manhem Elo Tournament 2016"]
[Site "Idrottsvägen 2, Mölnlycke, Sweden"]
[Date "2016.08.15"]
[Round "4"]
[White "Freed, Markus"]
[Black "Blazekovic, Nina"]
[Result "0-1"]
[WhiteElo "1745"]
[BlackElo "1898"]

1.b3 e5 2.Bb2 d6 3.e3 Nf6 4.Nf3 g6 5.d4 e4 6.Nfd2 Bg7 7.c4 O-O 8.Nc3 Re8 9.Be2 c6 10.Rc1 Nbd7 11.Qc2 Qe7 12.O-O Nf8 13.d5 Bf5 14.Rce1 h5 15.Qd1 N8h7 16.f3 Ng5 17.dxc6 bxc6 18.Ncxe4 Nfxe4 19.fxe4 Bxb2 20.exf5 Qxe3+ 21.Kh1 Bc3 22.fxg6 Qxd2 23.Qb1 f6 24.Rc1 Rxe2 25.Rfd1 Qe3 26.Rd3 Qxc1+ 0-1

[Event "SS Manhem Elo Tournament 2016"]
[Site "Idrottsvägen 2, Mölnlycke, Sweden"]
[Date "2016.08.16"]
[Round "5"]
[White "Pettersson, Anders"]
[Black "Gromark, Per-Olof"]
[Result "1-0"]
[WhiteElo "2034"]
[BlackElo "2040"]

1.d4 Nf6 2.c4 e6 3.Bg5 d5 4.Nc3 Nbd7 5.e3 h6 6.Bh4 Be7 7.Nf3 O-O 8.Rc1 b6 9.cxd5 exd5 10.Bb5 Bb7 11.O-O c5 12.Qe2 a6 13.Bd3 Ne4 14.Bxe7 Qxe7 15.Rfd1 c4 16.Bxe4 dxe4 17.Nd2 b5 18.a4 Rab8 19.axb5 axb5 20.Nxb5 Ba6 21.Nc7 Bc8 22.Nxc4 Nf6 23.Ne5 Rb7 24.Na6 h5 25.Nc5 Rb6 26.Rb1 Ng4 27.Nxe4 Nxe5 28.dxe5 Qxe5 29.Ng3 h4 30.Qh5 g5 31.Nf1 Bb7 32.Rd4 Be4 33.Rbd1 Rxb2 34.f3 Bg6 35.Qh6 Rfb8 36.Rd8+ 1-0

[Event "SS Manhem Elo Tournament 2016"]
[Site "Idrottsvägen 2, Mölnlycke, Sweden"]
[Date "2016.08.16"]
[Round "5"]
[White "Bengtsson, Jonas"]
[Black "Johansson, Eva"]
[Result "1/2-1/2"]
[WhiteElo "2117"]
[BlackElo "1900"]

1.d4 d5 2.c4 e6 3.Nc3 Nf6 4.cxd5 exd5 5.Bg5 Be7 6.e3 O-O 7.Bd3 c6 8.Nge2 Nbd7 9.Qc2 Re8 10.O-O Nf8 11.f3 g6 12.Rad1 Ne6 13.Bh4 Nh5 14.Bf2 Bh4 15.g3 Be7 16.g4 Nhg7 17.Ng3 Bd6 18.Kg2 Qf6 19.e4 Nf4+ 20.Kh1 Nh3 21.Be3 Bf4 22.e5 Qg5 23.Bxf4 Nxf4 24.Nce2 Nge6 25.Nxf4 Qxf4 26.Ne2 Qg5 1/2-1/2

[Event "SS Manhem Elo Tournament 2016"]
[Site "Idrottsvägen 2, Mölnlycke, Sweden"]
[Date "2016.08.16"]
[Round "5"]
[White "Alfvén, Jörgen"]
[Black "Degerfelt,Sven"]
[Result "0-1"]
[WhiteElo "1902"]
[BlackElo "1952"]

1.e4 c5 2.Nf3 d6 3.d4 cxd4 4.Nxd4 Nf6 5.Nc3 a6 6.Be3 e6 7.Be2 b5 8.a3 Bb7 9.f3 Nc6 10.Qd2 Be7 11.g4 Qc7 12.g5 Nd7 13.f4 O-O 14.O-O Nxd4 15.Bxd4 Nc5 16.Bf3 e5 17.Be3 exf4 18.Bxf4 Ne6 19.Be3 Kh8 20.Nd5 Bxd5 21.exd5 Nc5 22.Kh1 Nd7 23.Bd4 f6 24.Bg4 Ne5 25.Be6 fxg5 26.Qg2 Bf6 27.Rae1 g4 28.Re4 Nf3 29.Bxf6 Rxf6 30.Bxg4 Nh4 31.Qe2 Rxf1+ 32.Qxf1 Ng6 33.Qe2 Ne5 34.Be6 Rf8 35.Re3 Qe7 36.b3 Qg5 37.Rg3 Qf4 38.Rg2 Qd4 39.h3 g6 40.Kh2 Nf3+ 0-1